[Event "Budapest FS12 IM"]
[Site "Budapest"]
[Date "2011.12.12"]
[Round "10"]
[White "Bagi, Mate"]
[Black "Katapodis, Argis Geras"]
[Result "1-0"]
[WhiteElo "2311"]
[BlackElo "2050"]
[PlyCount "75"]
[EventDate "2011.12.03"]
[EventType "tourn"]
[EventRounds "11"]
[EventCountry "HUN"]
[EventCategory "2"]
[SourceTitle "CBM 145 Extra"]
[Source "ChessBase"]
[SourceDate "2012.01.03"]
[SourceVersion "1"]
[SourceVersionDate "2012.01.03"]
[SourceQuality "1"]

1. e4 e5 2. Nf3 Nc6 3. Bb5 Nf6 4. 0-0 Bc5 5. c3 0-0 6. d4 Bb6 7. Bg5 h6 8. Bh4 d6 9. Qd3 exd4 10. cxd4 g5 11. Bg3 Nh5 12. Nbd2 a6 13. Bxc6 bxc6 14. Rac1 c5 15. Nc4 Be6 16. d5 Bd7 17. e5 f5 18. exf6 Qxf6 19. Rce1 Rae8 20. Rxe8 Rxe8 21. Nfd2 Bg4 22. Ne3 Bd7 23. Ndc4 Nf4 24. Qc2 Re7 25. a4 a5 26. b3 h5 27. f3 Be8 28. Qf5 Kg7 29. Qxf6+ Kxf6 30. Kf2 Bg6 31. Rd1 h4 32. Ng4+ Kg7 33. Bxf4 gxf4 34. Rd2 Bf5 35. Kf1 Bh7 36. Nf2 Re3 37. Rb2 Rc3 38. Ne4 1-0